| 000 -LEADER |
| fixed length control field |
00465nas a2200157Ia 4500 |
| 020 ## - INTERNATIONAL STANDARD BOOK NUMBER |
| ISBN |
9789252057840 |
| 040 ## - CATALOGING SOURCE |
| Transcribing agency |
MYG |
| 082 ## - DEWEY DECIMAL CLASSIFICATION NUMBER |
| Classification number |
344 JOI 2011 C289 Or. |
| 110 2# - MAIN ENTRY--CORPORATE NAME |
| Corporate name or jurisdiction name as entry element |
Joint FAO/WHO Codex Alimentarius Commission. |
| 245 10 - TITLE STATEMENT |
| Title |
Codex Alimentarius Commission procedural manual |
| 246 10 - VARYING FORM OF TITLE |
| Title proper/short title |
Procedural manual |
| 300 ## - PHYSICAL DESCRIPTION |
| Number of Pages |
volumes ; |
| Dimensions |
23 cm |
| 500 ## - GENERAL NOTE |
| General note |
Description based on: 5th ed., 1981 |
| 710 2# - ADDED ENTRY--CORPORATE NAME |
| Corporate name or jurisdiction name as entry element |
Joint FAO/WHO Food Standards Programme. |
| 942 ## - ADDED ENTRY ELEMENTS (KOHA) |
| Koha item type |
ADB |
| 952 ## - LOCATION AND ITEM INFORMATION (KOHA) |
| Withdrawn status [LOCAL, KOHA] |
0 |